|
|
|
|
| LEADER |
00000nam a2200000 a 4500 |
| 001 |
vtls001420936 |
| 003 |
SK-MaSNL |
| 005 |
20260224024142.0 |
| 008 |
180126sm y0 xo 0 und |
| 035 |
|
|
|a SNK000375780
|
| 040 |
|
|
|a SNK
|b slo
|c SNK
|e AACR2
|
| 044 |
|
|
|a xo
|c SK
|
| 245 |
1 |
|
|a STN EN 12568 Prostriedky na ochranu chodidiel a nôh. Požiadavky a skúšobné metódy na tužinky a kovové stielky odolné proti prepichnutiu
|
| 260 |
|
|
|a Bratislava
|b Slovenský ústav technickej normalizácie
|c 2001
|
| 300 |
|
|
|a 20 s.
|
| 500 |
|
|
|a Norma je nahradená normou STN EN 12568 z novembra 2010 v celom rozsahu
|
| 774 |
1 |
8 |
|t STN EN 12568: 2010
|d Bratislava : Slovenský ústav technickej normalizácie, 2010
|w vtls010187950
|
| 999 |
|
|
|c 813021
|d 814951
|
| 952 |
|
|
|t P60, <03>, [BOOK], {603}
|a SNK
|b SNK
|y PREZ
|7 0
|p 17A0316026
|o snkSTN EN 12568
|i snkN 2045/2001
|0 0
|1 0
|4 0
|d 2001-09-20
|l 0
|r 2005-01-02 00:00:00
|w 2026-02-24
|
| 952 |
|
|
|t P60, <04>, [BOOK], {604}
|a SNK
|b SNK
|y VYP
|7 0
|p 17A0316027
|o snkSTN EN 12568 D1
|i snkN 2046/2001
|0 0
|1 0
|4 0
|d 2001-09-20
|l 0
|r 2005-01-02 00:00:00
|w 2026-02-24
|